[Event "XXXIX C.to Italiano femminile"]
[Site "Acqui Terme ITA"]
[Date "2012.07.23"]
[Round "1"]
[White "Anselmi, Beatrice"]
[Black "Chiarion, Elisa"]
[WhiteElo "1719"]
[BlackElo "2004"]
[Result "0-1"]
[PlyCount "40"]
[EventDate "2012.07.23"]

1. e4 c5 2. Nf3 d6 3. d4 cxd4 4. Nxd4 Nf6 5. Nc3 g6 6. f3 Bg7 7. Be3 O-O 8. Qd2
Nc6 9. O-O-O d5 10. exd5 Nxd5 11. Nxd5 Qxd5 12. Kb1 Be6 13. Nxe6 Qxe6 14. Qc1
Nb4 15. b3 Rac8 16. Qd2 Rxc2 17. Qxb4 Rb2+ 18. Kc1 Qxe3+ 19. Rd2 Rc8+ 20. Bc4
Rxc4+ 0-1

[Event "XXXIX C.to Italiano femminile"]
[Site "Acqui Terme ITA"]
[Date "2012.07.23"]
[Round "1"]
[White "Arnetta, Maria Teresa"]
[Black "Guerini, Silvia jr"]
[WhiteElo "2013"]
[BlackElo "1727"]
[Result "1-0"]
[PlyCount "59"]
[EventDate "2012.07.23"]

1. e4 c6 2. Nc3 d5 3. Nf3 Bg4 4. h3 Bxf3 5. Qxf3 e6 6. Be2 Nf6 7. d3 d4 8. Nb1
e5 9. Qg3 Nbd7 10. O-O Qc7 11. c3 O-O-O 12. Nd2 Rg8 13. a4 Be7 14. Nc4 g5 15.
cxd4 exd4 16. Qxc7+ Kxc7 17. Bd2 Kb8 18. b4 g4 19. Bf4+ Ka8 20. hxg4 Nxg4 21.
b5 c5 22. a5 f6 23. Bc7 Rdf8 24. Nb6+ Nxb6 25. axb6 a6 26. Rfb1 Rc8 27. bxa6
Ne5 28. axb7+ Kxb7 29. Bxe5 fxe5 30. Ra7+ 1-0

[Event "XXXIX C.to Italiano femminile"]
[Site "Acqui Terme ITA"]
[Date "2012.07.23"]
[Round "1"]
[White "Palmitessa, Irene"]
[Black "Barbiso, Tiziana"]
[WhiteElo "1776"]
[BlackElo "2048"]
[Result "0-1"]
[PlyCount "36"]
[EventDate "2012.07.23"]

1. e4 c5 2. Nc3 e6 3. f4 d5 4. d3 Nc6 5. Nf3 d4 6. Ne2 Nf6 7. h3 Qc7 8. g4 Bd7
9. Ng3 O-O-O 10. Qe2 h6 11. e5 Nd5 12. a3 Qa5+ 13. Bd2 Qb6 14. O-O-O c4 15. Bb4
Ncxb4 16. axb4 Bxb4 17. dxc4 Bc3 18. bxc3 dxc3 0-1

[Event "XXXIX C.to Italiano femminile"]
[Site "Acqui Terme ITA"]
[Date "2012.07.23"]
[Round "1"]
[White "Ravazzolo, Gaia"]
[Black "Messina, Roberta"]
[WhiteElo "1699"]
[BlackElo "1961"]
[Result "1/2-1/2"]
[PlyCount "94"]
[EventDate "2012.07.23"]

1. d4 Nf6 2. c4 Nc6 3. Nf3 e6 4. Nc3 Bb4 5. a3 Bxc3+ 6. bxc3 d6 7. Qc2 O-O 8.
e4 e5 9. Bd3 Bg4 10. Bb2 Bxf3 11. gxf3 Nh5 12. Rg1 Qf6 13. d5 Nb8 14. Bc1 Nf4
15. Rg4 Nd7 16. Be3 g6 17. O-O-O Nxd3+ 18. Qxd3 Qxf3 19. Rg3 Qh5 20. Rh1 f5 21.
exf5 Qxf5 22. Qe2 Rf7 23. h4 Nc5 24. Bxc5 dxc5 25. Rh2 Rg7 26. Rhg2 Qf4+ 27.
Re3 Re8 28. h5 Ree7 29. Rg4 Qh6 30. hxg6 Rxg6 31. Kb2 Qg7 32. Rge4 Rg5 33. Qe1
Rg2 34. Re2 Qf6 35. f4 Rxe2+ 36. Qxe2 Qb6+ 37. Ka2 Rg7 38. fxe5 Qh6 39. Rg4 Kf8
40. Rxg7 Qxg7 41. Qf3+ Ke7 42. e6 b6 43. Kb2 Qg6 44. Qh3 Qe4 45. Qh2 Kd8 46.
Qd2 Qe5 47. Qh6 Qe2+ 1/2-1/2

[Event "XXXIX C.to Italiano femminile"]
[Site "Acqui Terme ITA"]
[Date "2012.07.23"]
[Round "1"]
[White "Reginato, Sabrina"]
[Black "Russo, Arianna"]
[WhiteElo "1988"]
[BlackElo "1705"]
[Result "0-1"]
[PlyCount "40"]
[EventDate "2012.07.23"]

1. d4 Nf6 2. Nf3 g6 3. Bf4 Bg7 4. e3 O-O 5. Be2 d6 6. h3 Nbd7 7. O-O c5 8. c3
b6 9. a4 Bb7 10. Nbd2 d5 11. a5 c4 12. axb6 axb6 13. Qc2 b5 14. b3 Qb6 15. Qb2
Rxa1 16. Rxa1 Ra8 17. Rxa8+ Bxa8 18. Qa3 Bb7 19. Qxe7 Bf8 20. Qa3 Bg7 0-1

[Event "XXXIX C.to Italiano femminile"]
[Site "Acqui Terme ITA"]
[Date "2012.07.24"]
[Round "2"]
[White "Barbiso, Tiziana"]
[Black "Paolillo, Gaia"]
[WhiteElo "2048"]
[BlackElo "1871"]
[Result "1/2-1/2"]
[PlyCount "90"]
[EventDate "2012.07.23"]

1. e4 e5 2. Nf3 Nc6 3. d4 exd4 4. Bc4 Nf6 5. e5 d5 6. Bb5 Ne4 7. Nxd4 Bd7 8.
Bxc6 bxc6 9. O-O Bc5 10. c3 O-O 11. Qh5 Be7 12. Nd2 Nxd2 13. Bxd2 c5 14. Nf5
Bxf5 15. Qxf5 Qc8 16. Qh5 Qe6 17. Rae1 d4 18. f4 Qxa2 19. f5 f6 20. Rf3 Qf7 21.
Qg4 fxe5 22. Rxe5 Rae8 23. Re1 Bf6 24. Ref1 Re2 25. Bc1 h5 26. Qg6 Qxg6 27.
fxg6 dxc3 28. bxc3 Rfe8 29. Ba3 c4 30. Rf4 R2e4 31. Rxe4 Rxe4 32. Rb1 Re8 33.
Rb7 Bxc3 34. Rxc7 Bd4+ 35. Kf1 c3 36. Rc4 Be5 37. Bb4 Bxh2 38. Bxc3 Rd8 39. Ra4
Rd7 40. Rh4 Bc7 41. Rxh5 Bb6 42. Re5 Rd8 43. Re7 Rf8+ 44. Ke1 Rc8 45. Bxg7 Rc6
1/2-1/2

[Event "XXXIX C.to Italiano femminile"]
[Site "Acqui Terme ITA"]
[Date "2012.07.24"]
[Round "2"]
[White "Chiarion, Elisa"]
[Black "Gueci, Laura"]
[WhiteElo "2004"]
[BlackElo "1842"]
[Result "1-0"]
[PlyCount "66"]
[EventDate "2012.07.23"]

1. e4 c5 2. Nf3 d6 3. d4 cxd4 4. Nxd4 Nf6 5. Nc3 a6 6. h3 e5 7. Nde2 Be6 8. g4
Be7 9. Bg2 O-O 10. O-O Nbd7 11. Ng3 b5 12. Nf5 Nb6 13. Bg5 b4 14. Ne2 Rc8 15.
Neg3 g6 16. Nxe7+ Qxe7 17. f4 Nc4 18. fxe5 Qa7+ 19. Kh2 Nd7 20. exd6 Qc5 21.
Nf5 Bxf5 22. gxf5 Nxb2 23. Qc1 Qxc2 24. Qf4 Qc3 25. Be7 Qe5 26. Bxf8 Rxf8 27.
Qxe5 Nxe5 28. Rab1 Nbd3 29. Rfd1 Rd8 30. Bf1 Nf3+ 31. Kg3 Nde5 32. Bg2 Ng5 33.
h4 Kg7 1-0

[Event "XXXIX C.to Italiano femminile"]
[Site "Acqui Terme ITA"]
[Date "2012.07.24"]
[Round "2"]
[White "Colantuono, Virginia"]
[Black "Palmitessa, Chiara"]
[WhiteElo "1866"]
[BlackElo "1952"]
[Result "0-1"]
[PlyCount "96"]
[EventDate "2012.07.23"]

1. e4 e5 2. Nf3 Nc6 3. d4 exd4 4. Bc4 Nf6 5. e5 d5 6. Bb5 Ne4 7. Nxd4 Bd7 8.
Bxc6 bxc6 9. O-O Bc5 10. f3 Ng5 11. f4 Ne4 12. Be3 Bb6 13. Nd2 Nxd2 14. Qxd2 c5
15. Nf3 d4 16. Bf2 O-O 17. a4 a6 18. Qd3 Qc8 19. Nh4 f6 20. Bg3 fxe5 21. fxe5
Be6 22. Rxf8+ Qxf8 23. Rf1 Qe8 24. b3 c4 25. Qf3 d3+ 26. Kh1 dxc2 27. bxc4 Bxc4
28. Rc1 Rd8 29. Rxc2 Qxa4 30. Rc1 Rf8 31. Qg4 Qc2 32. Re1 Bf2 33. Bxf2 Rxf2 34.
Qc8+ Rf8 35. Qxc7 Qc3 36. Rg1 Qd4 37. Nf3 Qd5 38. Nd2 Bb5 39. Qc3 Bc6 40. Qe3
a5 41. Qb3 a4 42. Qxd5+ Bxd5 43. Ra1 Ra8 44. Kg1 Kf7 45. Nf3 a3 46. Kf2 a2 47.
Ke3 h6 48. g3 Ra3+ 0-1

[Event "XXXIX C.to Italiano femminile"]
[Site "Acqui Terme ITA"]
[Date "2012.07.24"]
[Round "2"]
[White "Gueci, Tea"]
[Black "Pistis, Sofia"]
[WhiteElo "1926"]
[BlackElo "1474"]
[Result "1-0"]
[PlyCount "39"]
[EventDate "2012.07.23"]

1. e4 e5 2. Nf3 Nc6 3. d4 exd4 4. Nxd4 Qh4 5. Nc3 Bb4 6. Be2 Qxe4 7. Ndb5 Bxc3+
8. bxc3 Kd8 9. O-O Nf6 10. Bd3 Qd5 11. c4 Qe5 12. Ba3 a6 13. Re1 Qh5 14. Be2
Qf5 15. Nxc7 Ra7 16. Nd5 Nxd5 17. cxd5 Ne5 18. Qd4 Ra8 19. Bd3 Nxd3 20. Qb6#
1-0

[Event "XXXIX C.to Italiano femminile"]
[Site "Acqui Terme ITA"]
[Date "2012.07.24"]
[Round "2"]
[White "Monticone, Sonia"]
[Black "Arnetta, Maria Teresa"]
[WhiteElo "1882"]
[BlackElo "2013"]
[Result "0-1"]
[PlyCount "74"]
[EventDate "2012.07.23"]

1. e4 c5 2. Nf3 Nc6 3. d4 cxd4 4. Nxd4 e5 5. Nb5 d6 6. N1c3 a6 7. Na3 b5 8. Nd5
Nge7 9. c4 Nxd5 10. exd5 Nd4 11. cxb5 Qh4 12. Bd3 Bg4 13. Qa4 Bd7 14. Qa5 Be7
15. bxa6 O-O 16. Be3 e4 17. Bc4 Nf5 18. Qd2 Nxe3 19. Qxe3 Bf6 20. Rb1 Bg5 21.
Qg3 Qh6 22. b4 e3 23. h4 exf2+ 24. Kxf2 Bf4 25. Qc3 Be5 26. Qf3 Qd2+ 27. Qe2
Qd4+ 28. Kf1 Bg4 29. Qf2 Qc3 30. Rb3 Qc1+ 31. Qe1 Qh6 32. b5 Bd4 33. Be2 Rfe8
34. Rf3 Bxf3 35. gxf3 Rac8 36. Kg2 Qe3 37. Nc4 Qxe2+ 0-1

[Event "XXXIX C.to Italiano femminile"]
[Site "Acqui Terme ITA"]
[Date "2012.07.25"]
[Round "3"]
[White "Arnetta, Maria Teresa"]
[Black "Gueci, Tea"]
[WhiteElo "2013"]
[BlackElo "1926"]
[Result "0-1"]
[PlyCount "124"]
[EventDate "2012.07.23"]

1. e4 c5 2. Nf3 d6 3. b4 Nf6 4. bxc5 dxc5 5. Nc3 Nc6 6. h3 a6 7. a4 Nd4 8. Rb1
e6 9. Bc4 Be7 10. O-O O-O 11. Re1 b6 12. d3 Bb7 13. Bb2 Bc6 14. Nxd4 cxd4 15.
Ne2 Bc5 16. e5 Nd5 17. Nxd4 Bxa4 18. Qd2 b5 19. Bb3 Nb6 20. Re4 Rc8 21. Nf3 b4
22. Rg4 Bxb3 23. Qh6 g6 24. Ng5 Qxg5 25. Qxg5 Bxc2 26. Ra1 Bxd3 27. Rh4 f6 28.
exf6 Nd5 29. Bd4 b3 30. Qe5 Bxd4 31. Rxd4 b2 32. Rxd3 Rc1+ 33. Rd1 bxa1=Q 34.
Qxa1 Rxa1 35. Rxa1 Nc7 36. Rc1 Rc8 37. g4 Kf7 38. g5 Ke8 39. Kg2 Kd7 40. Ra1
Ra8 41. Kf3 a5 42. Ra4 Nd5 43. Rh4 Rh8 44. Ra4 h6 45. Rxa5 hxg5 46. Ra7+ Kd6
47. Kg4 Nxf6+ 48. Kxg5 Ne4+ 49. Kxg6 Nxf2 50. Ra6+ Ke5 51. Ra5+ Kf4 52. Ra4+
Ne4 53. Ra3 e5 54. Kg7 Rh4 55. Kf8 Ng5 56. Ra4+ e4 57. Ke7 Rxh3 58. Kf6 Nf3 59.
Ra3 e3 60. Ra4+ Kg3 61. Kf5 e2 62. Rg4+ Kf2 0-1

[Event "XXXIX C.to Italiano femminile"]
[Site "Acqui Terme ITA"]
[Date "2012.07.25"]
[Round "3"]
[White "Balzano, Filli"]
[Black "Barbiso, Tiziana"]
[WhiteElo "1910"]
[BlackElo "2048"]
[Result "0-1"]
[PlyCount "104"]
[EventDate "2012.07.23"]

1. e4 c5 2. c3 d6 3. d4 Nf6 4. dxc5 Nc6 5. Nd2 d5 6. Qc2 e6 7. b4 a5 8. Bb5 Bd7
9. Bxc6 Bxc6 10. e5 d4 11. Ndf3 d3 12. Qd1 Ne4 13. Bd2 axb4 14. cxb4 b6 15. Be3
bxc5 16. bxc5 Qa5+ 17. Kf1 Nxc5 18. Nd4 Ba4 19. Qe1 Qa6 20. Bd2 Be7 21. Ngf3
O-O 22. Kg1 Qb7 23. h3 Rfd8 24. Kh2 Ne4 25. Rc1 Bc5 26. Rxc5 Nxc5 27. Bb4 Ne4
28. a3 Qd5 29. Qe3 Rac8 30. Re1 Nc5 31. Rc1 Nb3 32. Rxc8 Rxc8 33. Qxd3 Nxd4 34.
Qxd4 Bd1 35. Qxd5 exd5 36. Nd2 g5 37. Kg3 Kg7 38. Nf3 Bxf3 39. Kxf3 Re8 40. Bd6
f6 41. exf6+ Kxf6 42. Bc5 Re4 43. Bb6 Ke5 44. Bc7+ Kd4 45. a4 Kc4 46. a5 Re6
47. Bd8 h6 48. h4 gxh4 49. Bxh4 d4 50. a6 Rxa6 51. Ke2 Ra2+ 52. Kd1 Kd3 0-1

[Event "XXXIX C.to Italiano femminile"]
[Site "Acqui Terme ITA"]
[Date "2012.07.25"]
[Round "3"]
[White "Palmitessa, Chiara"]
[Black "Russo, Arianna"]
[WhiteElo "1952"]
[BlackElo "1705"]
[Result "1/2-1/2"]
[PlyCount "35"]
[EventDate "2012.07.23"]

1. e4 c5 2. Nf3 d6 3. d4 cxd4 4. Nxd4 Nf6 5. Nc3 g6 6. f3 Bg7 7. Be3 O-O 8. Qd2
Nc6 9. O-O-O d5 10. Nxc6 bxc6 11. exd5 cxd5 12. Nxd5 Nxd5 13. Qxd5 Qc7 14. Qc5
Qb7 15. Qb5 Qc7 16. Qc5 Qb7 17. Qb5 Qc7 18. Qc5 1/2-1/2

[Event "XXXIX C.to Italiano femminile"]
[Site "Acqui Terme ITA"]
[Date "2012.07.25"]
[Round "3"]
[White "Paolillo, Gaia"]
[Black "Messina, Roberta"]
[WhiteElo "1871"]
[BlackElo "1961"]
[Result "0-1"]
[PlyCount "96"]
[EventDate "2012.07.23"]

1. e4 c5 2. Nf3 e6 3. d4 cxd4 4. Nxd4 a6 5. Nc3 d6 6. Be3 Nf6 7. Be2 Be7 8. O-O
O-O 9. f4 Qc7 10. Kh1 Nc6 11. Nb3 b5 12. Bf3 Bb7 13. Qe2 Rfe8 14. Qf2 Rac8 15.
Rac1 e5 16. f5 Nb8 17. Bb6 Qd7 18. a3 Rxc3 19. bxc3 Nxe4 20. Bxe4 Bxe4 21. Nd2
Bd5 22. Qg3 Bf6 23. Rce1 Qc6 24. Bf2 Nd7 25. h4 Bxh4 26. Qxh4 Bxg2+ 27. Kh2
Bxf1 28. Rxf1 d5 29. Rg1 Qf6 30. Qh5 Kh8 31. Be3 g6 32. fxg6 fxg6 33. Qh3 Qf5
34. Qg2 Nf6 35. Nf3 Qh5+ 36. Qh3 Qxh3+ 37. Kxh3 Kg7 38. Rg5 Nd7 39. Rg4 Rc8 40.
Bd2 Nf6 41. Rg2 Re8 42. Be1 Nh5 43. Rd2 e4 44. Nd4 e3 45. Rd1 Re4 46. Bg3 e2
47. Re1 Re3 48. Rxe2 Nf4+ 0-1

[Event "XXXIX C.to Italiano femminile"]
[Site "Acqui Terme ITA"]
[Date "2012.07.25"]
[Round "3"]
[White "Santeramo, Alessia Carmen"]
[Black "Chiarion, Elisa"]
[WhiteElo "1834"]
[BlackElo "2004"]
[Result "1-0"]
[PlyCount "33"]
[EventDate "2012.07.23"]

1. e4 g6 2. d4 Bg7 3. Nc3 c5 4. dxc5 Bxc3+ 5. bxc3 Qa5 6. Qd3 Nc6 7. Nf3 b6 8.
cxb6 axb6 9. Bd2 Ba6 10. c4 Qa4 11. Qb3 Bc8 12. Bd3 d6 13. O-O Bg4 14. Qxa4
Rxa4 15. c5 Bd7 16. cxb6 Ra8 17. a4 1-0

[Event "XXXIX C.to Italiano femminile"]
[Site "Acqui Terme ITA"]
[Date "2012.07.25"]
[Round "4"]
[White "Barbiso, Tiziana"]
[Black "Palmitessa, Chiara"]
[WhiteElo "2048"]
[BlackElo "1952"]
[Result "1/2-1/2"]
[PlyCount "83"]
[EventDate "2012.07.23"]

1. e4 e5 2. Nf3 Nc6 3. d4 exd4 4. Nxd4 Nf6 5. Nxc6 bxc6 6. e5 Qe7 7. Qe2 Nd5 8.
c4 Ba6 9. b3 g5 10. h4 Bg7 11. Bb2 O-O-O 12. Nd2 h6 13. O-O-O Rde8 14. Qg4 Nf4
15. g3 Ne6 16. Ne4 Rd8 17. f4 h5 18. Qf3 gxf4 19. gxf4 Bh6 20. Ng5 Bb7 21. Bg2
Bg7 22. Qe3 f6 23. Nxe6 Qxe6 24. Rhe1 fxe5 25. Bxe5 Bxe5 26. Qxe5 Qg4 27. Be4
Rhf8 28. Rf1 Rde8 29. Bf3 Qxh4 30. Qxh5 Qxf4+ 31. Kb1 Qf5+ 32. Qxf5 Rxf5 33.
Bg4 Rxf1 34. Rxf1 Kd8 35. Rf7 Bc8 36. c5 a6 37. Rg7 d5 38. cxd6 cxd6 39. Bxc8
Kxc8 40. Ra7 Re2 41. Rxa6 Kb7 42. Ra4 1/2-1/2

[Event "XXXIX C.to Italiano femminile"]
[Site "Acqui Terme ITA"]
[Date "2012.07.25"]
[Round "4"]
[White "Colantuono, Virginia"]
[Black "Anselmi, Beatrice"]
[WhiteElo "1866"]
[BlackElo "1719"]
[Result "1-0"]
[PlyCount "123"]
[EventDate "2012.07.23"]

1. e4 e5 2. Nf3 Nc6 3. d4 exd4 4. Bc4 Nf6 5. e5 d5 6. Bb5 Ne4 7. Nxd4 Bd7 8.
Bxc6 bxc6 9. O-O Bc5 10. f3 Ng5 11. f4 Ne4 12. Be3 Bb6 13. Nd2 Nxd2 14. Qxd2 c5
15. Nf3 d4 16. Bf2 O-O 17. Qd3 Qc8 18. c3 Bf5 19. Qc4 Be6 20. Qe2 Rd8 21. Rfd1
dxc3 22. bxc3 h6 23. h3 Qb7 24. Rab1 Qc6 25. Nh4 g6 26. Qc2 Kh7 27. c4 Rg8 28.
Kh2 Kh8 29. Be3 Qe8 30. f5 Bxf5 31. Nxf5 Qxe5+ 32. Kh1 gxf5 33. Bxh6 f4 34. Rf1
Rg6 35. Bxf4 Qg7 36. Qe4 Rg8 37. Rf2 Re6 38. Qf3 Qh7 39. Rbf1 Qf5 40. Qc3+ Kh7
41. Bc1 Qg6 42. Rxf7+ Rg7 43. Rxg7+ Qxg7 44. Qc2+ Rg6 45. Bb2 Qd7 46. Rf6 Qe8
47. Rxg6 Qxg6 48. Qxg6+ Kxg6 49. Kg1 Kf5 50. Kf2 Kf4 51. g3+ Ke4 52. h4 c6 53.
h5 Kf5 54. h6 Kg6 55. Bg7 Bd8 56. Kf3 Bg5 57. Ke4 Kf7 58. Ke5 Be3 59. Kd6 a5
60. a4 Bf2 61. g4 Be3 62. Kxc6 1-0

[Event "XXXIX C.to Italiano femminile"]
[Site "Acqui Terme ITA"]
[Date "2012.07.25"]
[Round "4"]
[White "Gueci, Tea"]
[Black "Santeramo, Alessia Carmen"]
[WhiteElo "1926"]
[BlackElo "1834"]
[Result "1-0"]
[PlyCount "133"]
[EventDate "2012.07.23"]

1. e4 c5 2. Nf3 e6 3. d4 cxd4 4. Nxd4 a6 5. Nc3 Qc7 6. Bd3 Nc6 7. Be3 Nf6 8. a4
Bb4 9. O-O h5 10. h3 h4 11. Nce2 Ne7 12. f4 d5 13. e5 Ne4 14. c3 Bc5 15. Bxe4
dxe4 16. Qc2 b6 17. b4 Bxd4 18. Nxd4 Nd5 19. Qxe4 Bb7 20. Qd3 Qxc3 21. Qxc3
Nxc3 22. f5 Nd5 23. Bd2 Bc8 24. Rac1 exf5 25. Nxf5 Bxf5 26. Rxf5 Ne7 27. Rf3
O-O 28. Rc7 Ng6 29. Bc3 Rac8 30. Rfxf7 Rxc7 31. Rxc7 Nf4 32. e6 Ne2+ 33. Kh2
Re8 34. Rxg7+ Kf8 35. Rf7+ Kg8 36. Bd2 Rxe6 37. Ra7 b5 38. axb5 axb5 39. Rb7
Re5 40. Rb6 Rf5 41. Rh6 Rd5 42. Be1 Ng3 43. Bxg3 hxg3+ 44. Kxg3 Rd3+ 45. Kf2
Rd4 46. Rg6+ Kf7 47. Rg4 Rd2+ 48. Ke3 Rb2 49. Kd3 Kf6 50. Kc3 Re2 51. Kd4 Rc2
52. Kd5 Kf5 53. Kd4 Rc4+ 54. Kd3 Rc6 55. Rd4 Ke5 56. h4 Rg6 57. g4 Rf6 58. Re4+
Kd5 59. g5 Rf3+ 60. Re3 Rf4 61. h5 Rxb4 62. g6 Rd4+ 63. Kc2 Rg4 64. Rh3 Ke6 65.
h6 Kf6 66. h7 Rc4+ 67. Kb3 1-0

[Event "XXXIX C.to Italiano femminile"]
[Site "Acqui Terme ITA"]
[Date "2012.07.25"]
[Round "4"]
[White "Messina, Roberta"]
[Black "Gueci, Laura"]
[WhiteElo "1961"]
[BlackElo "1842"]
[Result "1-0"]
[PlyCount "69"]
[EventDate "2012.07.23"]

1. c4 c5 2. Nf3 g6 3. Nc3 Bg7 4. e3 Nc6 5. d4 cxd4 6. exd4 d6 7. Be2 Nf6 8. O-O
O-O 9. d5 Ne5 10. Nxe5 dxe5 11. Bg5 Bf5 12. Qd2 Rc8 13. Rac1 a6 14. b4 Qc7 15.
h3 h5 16. Qe3 Nh7 17. g4 hxg4 18. hxg4 Bxg4 19. Bxg4 f5 20. Ne4 fxg4 21. Qg3
Qd7 22. Qh4 Qf5 23. Rfe1 Bf6 24. Bxf6 Nxf6 25. Ng5 Nh5 26. Re3 Rf6 27. Ne4 Rf7
28. Qg5 Nf4 29. Qxf5 gxf5 30. Nc5 Rc7 31. Rxe5 Rxc5 32. bxc5 Nd3 33. Rce1 Nxe1
34. Rxe1 Kf8 35. Re6 1-0

[Event "XXXIX C.to Italiano femminile"]
[Site "Acqui Terme ITA"]
[Date "2012.07.25"]
[Round "4"]
[White "Russo, Arianna"]
[Black "Arnetta, Maria Teresa"]
[WhiteElo "1705"]
[BlackElo "2013"]
[Result "0-1"]
[PlyCount "88"]
[EventDate "2012.07.23"]

1. d4 d5 2. c4 dxc4 3. e4 e5 4. d5 Nf6 5. Nc3 c6 6. Bg5 Bb4 7. Bxf6 Qxf6 8. Nf3
O-O 9. Nd2 Bc5 10. Qf3 Qxf3 11. Nxf3 cxd5 12. Nxd5 Nc6 13. Bxc4 Bg4 14. Be2
Rfd8 15. O-O Nb4 16. Nxb4 Bxb4 17. Rfd1 f6 18. a3 Ba5 19. Bc4+ Kf8 20. Be2 Ke7
21. Nd4 Bxe2 22. Nxe2 Rac8 23. b4 Bb6 24. Kf1 Rxd1+ 25. Rxd1 Rc2 26. Ra1 a5 27.
Rb1 a4 28. Ra1 Kd6 29. f3 Be3 30. Rd1+ Kc7 31. Rd3 Bd4 32. Nxd4 exd4 33. Rxd4
Rc3 34. Ke2 Rxa3 35. Rd3 Ra1 36. f4 Rb1 37. Rc3+ Kd7 38. Rc4 a3 39. Rc2 Rb2 40.
Kd1 a2 41. Rxb2 a1=Q+ 42. Kc2 Qg1 43. Kb3 Qe3+ 44. Ka4 Qxf4 0-1

[Event "XXXIX C.to Italiano femminile"]
[Site "Acqui Terme ITA"]
[Date "2012.07.26"]
[Round "5"]
[White "Arnetta, Maria Teresa"]
[Black "Messina, Roberta"]
[WhiteElo "2013"]
[BlackElo "1961"]
[Result "1/2-1/2"]
[PlyCount "157"]
[EventDate "2012.07.23"]

1. e4 c5 2. b3 g6 3. Bb2 Nf6 4. Qf3 d6 5. Bb5+ Nbd7 6. Bxf6 exf6 7. Nc3 Bg7 8.
Qg3 Qe7 9. Nge2 O-O 10. Bxd7 Qxd7 11. O-O b5 12. Rad1 Ba6 13. Rfe1 b4 14. Nd5
Rfe8 15. Qf3 Bb7 16. Nef4 f5 17. exf5 Qxf5 18. Qd3 Qxd3 19. cxd3 g5 20. Ne7+
Kf8 21. Nh5 Be5 22. Nf5 a5 23. Nhg3 a4 24. Ne4 Bxe4 25. dxe4 axb3 26. axb3 Ra3
27. Rb1 Ra2 28. Red1 Bf4 29. d3 Rea8 30. g3 Be5 31. d4 cxd4 32. Nxd4 Rc8 33.
Nf3 Rcc2 34. Rf1 Bf6 35. h3 h6 36. Kg2 Bc3 37. g4 Re2 38. Rbd1 Rxe4 39. Rxd6
Kg7 40. Rdd1 Rb2 41. Rd3 Ree2 42. h4 Re4 43. hxg5 hxg5 44. Kh3 f6 45. Ng1 Rxb3
46. f3 Rd4 47. Re3 Rb2 48. f4 Bd2 49. Re2 gxf4 50. Nf3 Rb3 51. Kg2 Rxf3 52.
Rxf3 Be3 53. Rb2 Kg6 54. Rf1 Kg5 55. Kf3 Rd3 56. Ke4 Rd4+ 57. Kf3 Rc4 58. Rfb1
Rc3 59. Rb3 Bd2+ 60. Ke2 Rxb3 61. Rxb3 Bc3 62. Kf3 f5 63. gxf5 Kxf5 64. Rb1 Ke5
65. Rh1 Bd2 66. Rh2 Bc3 67. Rh5+ Kd4 68. Kxf4 Kc4 69. Ke4 b3 70. Rh1 Bb2 71.
Rh7 Ba3 72. Ke3 Bc1+ 73. Ke2 b2 74. Rb7 Kc3 75. Kd1 Kd3 76. Rb3+ Kc4 77. Kc2
Kd4 78. Rh3 Kc4 79. Rb3 1/2-1/2

[Event "XXXIX C.to Italiano femminile"]
[Site "Acqui Terme ITA"]
[Date "2012.07.26"]
[Round "5"]
[White "Monticone, Sonia"]
[Black "Colantuono, Virginia"]
[WhiteElo "1882"]
[BlackElo "1866"]
[Result "1/2-1/2"]
[PlyCount "70"]
[EventDate "2012.07.23"]

1. e4 c5 2. Nf3 d6 3. d4 cxd4 4. Nxd4 Nf6 5. Nc3 a6 6. Be3 e5 7. Nb3 Be6 8. f4
Ng4 9. Bd2 exf4 10. Bxf4 Nc6 11. Qd2 Be7 12. O-O-O Nce5 13. h3 Nf6 14. g4 h6
15. Qg2 Qc7 16. Nd5 Bxd5 17. exd5 Nfd7 18. h4 O-O-O 19. Rh3 Kb8 20. Rc3 Qb6 21.
Be3 Nc5 22. Nxc5 dxc5 23. Rb3 Qd6 24. Bf4 Nd3+ 25. Bxd3 Qxf4+ 26. Kb1 c4 27.
Rf1 Qd4 28. Bxc4 Qxc4 29. d6 Rd7 30. dxe7 Rxe7 31. Rd1 Rhe8 32. a3 Qc7 33. Qd5
Re2 34. Rc3 Qe7 35. Qd6+ Qxd6 1/2-1/2

[Event "XXXIX C.to Italiano femminile"]
[Site "Acqui Terme ITA"]
[Date "2012.07.26"]
[Round "5"]
[White "Palmitessa, Chiara"]
[Black "Gueci, Tea"]
[WhiteElo "1952"]
[BlackElo "1926"]
[Result "0-1"]
[PlyCount "66"]
[EventDate "2012.07.23"]

1. e4 c5 2. Nf3 d6 3. d4 cxd4 4. Nxd4 Nf6 5. Nc3 a6 6. g3 e5 7. Nde2 b5 8. Bg2
Nbd7 9. a4 b4 10. Nd5 Nxd5 11. Qxd5 Rb8 12. O-O Qc7 13. c3 Nf6 14. Qd3 Be7 15.
h3 Be6 16. cxb4 Rxb4 17. Ra3 Qb7 18. Bd2 Rxb2 19. Bc3 Rb6 20. Ba5 Rc6 21. Re1
O-O 22. Bd2 Bc4 23. Qe3 d5 24. Raa1 Bc5 25. Qg5 Qa7 26. Kf1 Bxf2 27. Red1 Bg1
28. Be1 Nxe4 29. Bxe4 Rf6+ 30. Bf5 h6 31. Qg4 Bxe2+ 32. Qxe2 Rxf5+ 33. Kg2 Bd4
0-1

[Event "XXXIX C.to Italiano femminile"]
[Site "Acqui Terme ITA"]
[Date "2012.07.26"]
[Round "5"]
[White "Paolillo, Gaia"]
[Black "Russo, Arianna"]
[WhiteElo "1871"]
[BlackElo "1705"]
[Result "1/2-1/2"]
[PlyCount "46"]
[EventDate "2012.07.23"]

1. e4 c5 2. Nf3 d6 3. d4 cxd4 4. Qxd4 Nc6 5. Bb5 Bd7 6. Bxc6 Bxc6 7. Nc3 Nf6 8.
Bg5 g6 9. Bxf6 exf6 10. O-O-O Be7 11. h4 Qa5 12. Nd5 Bxd5 13. exd5 O-O 14. a3
Rac8 15. h5 Qc5 16. Qd2 f5 17. c3 Bf6 18. Ng5 Bxc3 19. bxc3 Qxa3+ 20. Kc2 Qa2+
21. Kd3 Qc4+ 22. Kc2 Qa2+ 23. Kd3 Qc4+ 1/2-1/2

[Event "XXXIX C.to Italiano femminile"]
[Site "Acqui Terme ITA"]
[Date "2012.07.26"]
[Round "5"]
[White "Santeramo, Alessia Carmen"]
[Black "Barbiso, Tiziana"]
[WhiteElo "1834"]
[BlackElo "2048"]
[Result "0-1"]
[PlyCount "86"]
[EventDate "2012.07.23"]

1. e4 c5 2. Nf3 d6 3. d4 cxd4 4. Qxd4 Nc6 5. Bb5 Bd7 6. Bxc6 Bxc6 7. Nc3 Nf6 8.
Bg5 e6 9. Qd3 a6 10. Nd4 Be7 11. O-O-O Qc7 12. f4 Rd8 13. Kb1 b5 14. f5 Bd7 15.
h4 Rc8 16. Rc1 Qc4 17. Qxc4 Rxc4 18. Rcd1 b4 19. Bxf6 gxf6 20. Nce2 Rg8 21. b3
Rc8 22. g3 Rg4 23. fxe6 fxe6 24. Rhe1 Rxe4 25. Nc1 Rxe1 26. Rxe1 e5 27. Nf3 Bf5
28. Re2 Rc3 29. Rf2 Bg6 30. g4 d5 31. h5 Be4 32. Nh2 Kf7 33. g5 f5 34. Ng4 Ke6
35. Nh6 Bxg5 36. Ng8 Kf7 37. Nd3 Bxd3 38. cxd3 Kxg8 39. Rxf5 h6 40. Rxe5 Rxd3
41. Kc2 Rd2+ 42. Kb1 Kf7 43. Rf5+ Ke6 0-1

[Event "XXXIX C.to Italiano femminile"]
[Site "Acqui Terme ITA"]
[Date "2012.07.27"]
[Round "6"]
[White "Colantuono, Virginia"]
[Black "Arnetta, Maria Teresa"]
[WhiteElo "1866"]
[BlackElo "2013"]
[Result "0-1"]
[PlyCount "110"]
[EventDate "2012.07.23"]

1. e4 c5 2. Nf3 Nc6 3. d4 cxd4 4. Nxd4 e5 5. Nb5 a6 6. Nd6+ Bxd6 7. Qxd6 Qf6 8.
Qxf6 Nxf6 9. Nc3 Nb4 10. Bd3 d5 11. exd5 Nxd3+ 12. cxd3 Bf5 13. O-O Bxd3 14.
Re1 Kd7 15. Rxe5 Rhe8 16. Bf4 b5 17. Rd1 Bg6 18. Rd4 Nh5 19. Re3 Nxf4 20. Rxf4
Kd6 21. h4 h5 22. a4 Reb8 23. axb5 axb5 24. b4 Ra1+ 25. Kh2 Rc1 26. Rd4 Rb7 27.
Kg3 Rc2 28. f3 Rb8 29. Rd1 Rb2 30. Ra1 Rxb4 31. Ra6+ Kc5 32. Rc6+ Kd4 33. Re7
Rc4 34. Rec7 Rxc6 35. Rxc6 b4 36. Nd1 Kxd5 37. Rc7 b3 38. Nb2 Kd6 39. Rc4 Rb7
40. Kf4 Bc2 41. Ke3 Ra7 42. Kd2 Ra1 43. g4 Rb1 44. Kc3 Rf1 45. Rd4+ Ke6 46. Rf4
hxg4 47. Rxg4 Rxf3+ 48. Kd2 g6 49. Rg2 Rh3 50. Rg4 Kf5 51. Rc4 Rg3 52. Rc5+ Kg4
53. Rc4+ Kh5 54. Rf4 f5 55. Nc4 Rg4 0-1